[Event "Paris Senat CanalWeb GP"]
[Site "Paris"]
[Date "2000.05.06"]
[Round "1.1"]
[White "Shirov, Alexei"]
[Black "Lautier, Joel"]
[Result "1/2-1/2"]
[WhiteElo "2751"]
[BlackElo "2632"]
[PlyCount "48"]
[EventDate "2000.05.06"]
[Source "ChessBase"]
[SourceDate "2000.07.27"]

1. e4 e5 2. Nf3 Nc6 3. Bb5 a6 4. Ba4 d6 5. c3 f5 6. exf5 Bxf5 7. O-O Bd3 8. Re1 Be7 9. Bc2 Bxc2 10. Qxc2 Nf6 11. d4 e4 12. Ng5 h6 13. f3 d5 14. Nh3 O-O 15. Nd2 exf3 16. Nxf3 Rf7 17. Nf2 Bd6 18. Bd2 Qf8 19. Re2 Re8 20. Rae1 Rxe2 21. Rxe2 Re7 22. Rxe7 Qxe7 23. Kf1 Qe6 24. Be1 Ne7 1/2-1/2

[Event "World Cup"]
[Site "Khanty-Mansiysk RUS"]
[Date "2007.11.28"]
[Round "2.2"]
[White "Grischuk, A."]
[Black "Najer, E."]
[Result "1-0"]
[WhiteElo "2715"]
[BlackElo "2635"]
[PlyCount "91"]
[EventDate "2007.11.24"]
[Source "www.chesslib.no"]
[SourceDate "2004.05.04"]

1. e4 e5 2. Nf3 Nc6 3. Bb5 a6 4. Ba4 d6 5. c3 f5 6. exf5 Bxf5 7. d4 e4 8. d5 exf3 9. Qxf3 Qe7+ 10. Kd1 Be4 11. Qh3 Bxd5 12. Re1 Be4 13. Nd2 d5 14. f3 Nf6 15. fxe4 dxe4 16. Nxe4 Nxe4 17. Bxc6+ bxc6 18. Kc2 Kf7 19. Qf5+ Qf6 20. Qxe4 Qg6 21. Bf4 Bd6 22. Bxd6 cxd6 23. Rf1+ Kg8 24. Rae1 Rf8 25. Rxf8+ Kxf8 26. Kd2 Qxe4 27. Rxe4 Kf7 28. Rb4 Ke6 29. Rb6 Rf8 30. Ke2 Rf5 31. Rxc6 Re5+ 32. Kd3 Rd5+ 33. Ke3 Re5+ 34. Kd3 Rd5+ 35. Kc2 Rf5 36. Rxa6 Rf2+ 37. Kb3 Rxg2 38. Ra7 h5 39. h4 Rg4 40. a4 g6 41. a5 Rxh4 42. a6 Rf4 43. Rg7 Kd5 44. a7 Rf8 45. Ka4 Kc5 46. Ka5 1-0

[Event "RUS"]
[Site "?"]
[Date "2006.04.23"]
[Round "4"]
[White "Volokitin Andrei"]
[Black "Miton Kamil"]
[Result "1/2-1/2"]
[WhiteElo "2660"]
[BlackElo "2646"]
[PlyCount "71"]
[EventDate "2006.??.??"]
[Source "www.chesslib.no"]
[SourceDate "2004.05.04"]

1. e4 e5 2. Nf3 Nc6 3. Bb5 a6 4. Ba4 d6 5. c3 f5 6. exf5 Bxf5 7. d4 e4 8. Bg5 Be7 9. Nh4 Be6 10. Bxe7 Qxe7 11. d5 Qxh4 12. dxc6 b6 13. Bb3 Bxb3 14. Qxb3 Nf6 15. O-O d5 16. c4 O-O 17. cxd5 Kh8 18. d6 cxd6 19. Nd2 d5 20. Qxb6 Qf4 21. Qe3 Qd6 22. Rac1 Rac8 23. Qc5 Qf4 24. Rc2 Ng4 25. g3 Qh6 26. h4 Qe6 27. c7 h6 28. Qd4 Ne5 29. Rc5 Nd3 30. Rxd5 Nf4 31. gxf4 Qg4+ 32. Kh2 Qxh4+ 33. Kg2 Qg4+ 34. Kh2 Qh4+ 35. Kg2 Qg4+ 36. Kh2 1/2-1/2

[Event "Wien"]
[Site "?"]
[Date "1996.??.??"]
[Round "?"]
[White "Leko, P."]
[Black "Jussupow, A."]
[Result "1-0"]
[WhiteElo "2630"]
[BlackElo "2665"]
[PlyCount "149"]
[EventDate "1996.??.??"]
[Source "ChessBase"]
[SourceDate "1996.06.01"]

1. e4 e5 2. Nf3 Nc6 3. Bb5 a6 4. Ba4 d6 5. c3 f5 6. exf5 Bxf5 7. O-O Bd3 8. Re1 Be7 9. Bc2 Bxc2 10. Qxc2 Nf6 11. d4 e4 12. Ng5 d5 13. f3 h6 14. Nh3 O-O 15. Nd2 exf3 16. Nxf3 Qd7 17. Qg6 Qg4 18. Qxg4 Nxg4 19. Nf4 Rfd8 20. Ne6 Rd7 21. Bf4 Rc8 22. Re2 b6 23. Rae1 Nf6 24. Be5 Kf7 25. Nf4 Bd6 26. g3 Rg8 27. Kg2 g5 28. Nd3 Re7 29. Rf2 Re6 30. c4 dxc4 31. d5 Rxe5 32. Ndxe5+ Nxe5 33. Nxe5+ Kg7 34. Nxc4 Bc5 35. Rf5 Rd8 36. Rd1 b5 37. Ne5 Nxd5 38. Kf3 Bb6 39. Nc4 bxc4 40. Rdxd5 Re8 41. Rde5 Rd8 42. Rd5 Re8 43. Rde5 Rd8 44. Re2 Kg6 45. g4 Rd3+ 46. Kg2 c3 47. bxc3 Rxc3 48. Re6+ Kg7 49. Re7+ Kg6 50. Rfe5 Bd4 51. R5e6+ Bf6 52. Rxa6 Rc2+ 53. Kf3 Rxa2 54. Ree6 Rxa6 55. Rxa6 Kg7 56. Ke4 Be7 57. Kf5 Bd6 58. h3 Kf7 59. Ra8 Bb4 60. Rb8 Ba3 61. Rc8 Bd6 62. Rd8 Ke7 63. Rh8 Bg3 64. Rh7+ Kd6 65. Rxh6+ Kd5 66. Kxg5 c5 67. Rh8 c4 68. Rd8+ Ke4 69. Rc8 Kd3 70. Kf5 c3 71. g5 Bf2 72. h4 c2 73. g6 Bd4 74. Rxc2 Kxc2 75. h5 1-0

[Event "Linares"]
[Site "?"]
[Date "1995.??.??"]
[Round "?"]
[White "Topalov, Veselin"]
[Black "Lautier, Joel"]
[Result "1/2-1/2"]
[WhiteElo "2630"]
[BlackElo "2655"]
[PlyCount "21"]
[EventDate "1995.??.??"]
[Source "www.chesslib.no"]
[SourceDate "2004.05.04"]

1. e4 e5 2. Nf3 Nc6 3. Bb5 a6 4. Ba4 d6 5. c3 f5 6. exf5 Bxf5 7. O-O Bd3 8. Re1 Be7 9. c4 Rb8 10. Qb3 e4 11. Ng5 1/2-1/2

[Event "Japfa Classic"]
[Site "Bali"]
[Date "2000.04.23"]
[Round "2"]
[White "Milos, Gilberto"]
[Black "Timman, Jan H"]
[Result "1/2-1/2"]
[WhiteElo "2620"]
[BlackElo "2655"]
[PlyCount "63"]
[EventDate "2000.04.22"]
[Source "ChessBase"]
[SourceDate "2000.07.27"]

1. e4 e5 2. Nf3 Nc6 3. Bb5 a6 4. Ba4 d6 5. c3 f5 6. exf5 Bxf5 7. O-O Bd3 8. Re1 Be7 9. Bc2 Bxc2 10. Qxc2 Nf6 11. d4 e4 12. Ng5 d5 13. f3 h6 14. Nh3 O-O 15. Nd2 exf3 16. Nxf3 Rf7 17. Bf4 Bd6 18. Bxd6 Qxd6 19. Nf2 Re7 20. Rxe7 Nxe7 21. Qb3 b6 22. Re1 c5 23. Re3 Rf8 24. Qd1 Nc6 25. Qd3 b5 26. a3 Nh5 27. g3 Nf6 28. Kg2 cxd4 29. Nxd4 Nxd4 30. Qxd4 Qd7 31. Re5 Qf7 32. Qf4 1/2-1/2

[Event "tt"]
[Site "Cannes tt"]
[Date "1992.??.??"]
[Round "5"]
[White "Adams, Michael"]
[Black "Piket, Jeroen"]
[Result "1-0"]
[WhiteElo "2590"]
[BlackElo "2615"]
[PlyCount "90"]
[EventDate "1992.??.??"]
[Source "www.chesslib.no"]
[SourceDate "2004.05.04"]

1. e4 e5 2. Nf3 Nc6 3. Bb5 a6 4. Ba4 d6 5. c3 f5 6. exf5 Bxf5 7. O-O Bd3 8. Re1 Be7 9. Bc2 Bxc2 10. Qxc2 Nf6 11. d4 Qd7 12. dxe5 dxe5 13. Be3 O-O-O 14. Nbd2 Rhe8 15. Rad1 Qd3 16. Qxd3 Rxd3 17. Nc4 Rxd1 18. Rxd1 Bf8 19. Kf1 b5 20. Ncd2 e4 21. Nd4 Nxd4 22. Bxd4 Ng4 23. Ke2 g6 24. h3 Nh6 25. Nf1 Nf5 26. Ne3 Nxd4+ 27. Rxd4 Bg7 28. Rd1 c6 29. h4 Re5 30. g4 a5 31. g5 a4 32. a3 Kc7 33. Rd2 Re7 34. Ng2 Be5 35. Ne3 Bg7 36. Rd1 Re5 37. Ng4 Rf5 38. Ke3 Rf3+ 39. Kxe4 Rh3 40. Nf6 Rh1 41. f4 Kc8 42. Rd6 Bf8 43. Rd2 Rh3 44. Ke5 Rh1 45. Nd5 Bd6+ 1-0

[Event "Cup Cro"]
[Site "Cup Croatia Pula Cro"]
[Date "1996.??.??"]
[Round "?"]
[White "Almasi, Zoltan"]
[Black "Sermek, Drazen"]
[Result "1/2-1/2"]
[WhiteElo "2650"]
[BlackElo "2535"]
[PlyCount "51"]
[EventDate "1996.??.??"]
[Source "www.chesslib.no"]
[SourceDate "2004.05.04"]

1. e4 e5 2. Nf3 Nc6 3. Bb5 a6 4. Ba4 d6 5. c3 f5 6. exf5 Bxf5 7. O-O Bd3 8. Re1 Be7 9. Bc2 Bxc2 10. Qxc2 Nf6 11. d4 e4 12. Ng5 d5 13. f3 h6 14. Nh3 O-O 15. Nd2 exf3 16. Nxf3 Rf7 17. Qg6 Bd6 18. Bf4 Bc5 19. Qf5 a5 20. Qe4 Qd6 21. Bg5 Ba3 22. Nd2 Raf8 23. g4 Na7 24. Qe7 Qc6 25. Qd8 Qb5 26. Rf1 1/2-1/2

[Event "Open"]
[Site "Kavala GRE"]
[Date "2007.08.07"]
[Round "4"]
[White "Svetushkin, D."]
[Black "Banikas, H."]
[Result "0-1"]
[WhiteElo "2618"]
[BlackElo "2567"]
[PlyCount "48"]
[EventDate "2007.08.05"]
[Source "www.chesslib.no"]
[SourceDate "2004.05.04"]

1. e4 e5 2. Nf3 Nc6 3. Bb5 a6 4. Ba4 d6 5. c3 f5 6. exf5 Bxf5 7. O-O Bd3 8. Re1 Be7 9. Qb3 b5 10. Qd5 bxa4 11. Qxd3 Nf6 12. Qc2 Qd7 13. d3 O-O 14. Nbd2 Nh5 15. Qxa4 Nf4 16. g3 Nh3+ 17. Kg2 Rf7 18. d4 exd4 19. Nxd4 Rxf2+ 20. Kh1 Nf4 21. N2f3 Qh3 22. Rg1 Ne5 23. Qb3+ Kh8 24. Qb7 Rd8 0-1

[Event "Open Aeroflot"]
[Site "Mosca RUS"]
[Date "2007.02.19"]
[Round "6"]
[White "Ganguly, S."]
[Black "Najer, E."]
[Result "1/2-1/2"]
[WhiteElo "2571"]
[BlackElo "2605"]
[PlyCount "67"]
[EventDate "2007.02.14"]
[Source "www.chesslib.no"]
[SourceDate "2004.05.04"]

1. e4 e5 2. Nf3 Nc6 3. Bb5 a6 4. Ba4 d6 5. c3 f5 6. exf5 Bxf5 7. O-O Bd3 8. Re1 Be7 9. Bc2 Bxc2 10. Qxc2 Nf6 11. d4 e4 12. Ng5 d5 13. Nd2 h6 14. Nh3 g5 15. f3 g4 16. fxe4 gxh3 17. e5 Rg8 18. g3 Nxe5 19. Rxe5 Qd7 20. Qf5 Qxf5 21. Rxf5 Rg5 22. Rf1 Rg6 23. Nf3 Ng4 24. Bf4 Kd7 25. Rae1 Bf6 26. Be5 Re8 27. Bxf6 Rxf6 28. Rxe8 Kxe8 29. Re1+ Kf7 30. Ne5+ Nxe5 31. Rxe5 Rb6 32. Re2 Rf6 33. Re3 Kg6 34. g4 1/2-1/2

[Event "Calviá ol (Men)"]
[Site "Mallorca"]
[Date "2004.10.17"]
[Round "3.24"]
[White "Almasi, Zoltan"]
[Black "Winants, Luc"]
[Result "0-1"]
[WhiteElo "2650"]
[BlackElo "2519"]
[PlyCount "62"]
[EventDate "2004.10.15"]
[Source "Roberto Alvarez"]
[SourceDate "2004.10.18"]

1. e4 e5 2. Nf3 Nc6 3. Bb5 a6 4. Ba4 d6 5. c3 f5 6. exf5 Bxf5 7. d4 e4 8. Ng5 d5 9. f3 h6 10. fxe4 hxg5 11. exf5 Bd6 12. Qf3 g4 13. Qxg4 Nf6 14. Qf3 Ne4 15. Kd1 Qh4 16. Be3 O-O-O 17. Bxc6 bxc6 18. Nd2 Ng3 19. Bf2 Qg5 20. Bxg3 Bxg3 21. h4 Rxh4 22. Rxh4 Qxh4 23. Kc2 Re8 24. Rf1 Bd6 25. Qd3 Qg4 26. Qxa6+ Kd7 27. Rf2 Re1 28. Nf3 Qe4+ 29. Kb3 Re3 30. Nd2 Qxd4 31. Re2 Qg4 0-1

[Event "Vlissingen HZ op"]
[Site "Vlissingen"]
[Date "2000.08.02"]
[Round "6"]
[White "Nijboer, Friso"]
[Black "Sokolov, Ivan"]
[Result "1/2-1/2"]
[WhiteElo "2537"]
[BlackElo "2611"]
[PlyCount "150"]
[EventDate "2000.07.29"]
[Source "www.chesslib.no"]
[SourceDate "2004.05.04"]

1. e4 e5 2. Nf3 Nc6 3. Bb5 a6 4. Ba4 d6 5. c3 f5 6. exf5 Bxf5 7. O-O Bd3 8. Re1 Be7 9. Bc2 Bxc2 10. Qxc2 g5 11. d4 g4 12. Nfd2 Nf6 13. Ne4 Qd7 14. dxe5 Nxe4 15. Qxe4 dxe5 16. Be3 O-O-O 17. Nd2 h5 18. b4 Qd3 19. a4 Rd5 20. Rac1 Rhd8 21. Qxd3 Rxd3 22. Ne4 Kd7 23. Kf1 Ke6 24. Ke2 Kf5 25. Ng3+ Kg6 26. Red1 Rxd1 27. Rxd1 Rxd1 28. Kxd1 Nd8 29. Ke2 Ne6 30. Ne4 Kf5 31. f3 Nf4+ 32. Bxf4 exf4 33. Kd3 gxf3 34. gxf3 Ke5 35. Kc4 b6 36. Nf2 Ke6 37. Nd3 Bg5 38. b5 axb5+ 39. axb5 Kd6 40. Kd4 Bf6+ 41. Kc4 Bg5 42. Nb4 Bf6 43. Na2 Be5 44. Nc1 c6 45. bxc6 Kxc6 46. Nd3 b5+ 47. Kb3 Bb8 48. h3 Kd5 49. Kb4 Kc6 50. c4 bxc4 51. Kxc4 Kd6 52. Kd4 Ke6 53. Ke4 Kf6 54. Nxf4 Kg5 55. Ng2 Kf6 56. f4 Ba7 57. Ne3 Bb8 58. Nd5+ Kg6 59. Ne7+ Kf6 60. Nc6 Bd6 61. Ne5 Ke6 62. Nc4 Bc7 63. Ne3 Ba5 64. Nf5 Kf6 65. Ng3 Kg6 66. Ne2 Kf6 67. Ke3 Bb6+ 68. Kf3 Kf5 69. Ng3+ Kg6 70. f5+ Kg5 71. h4+ Kxh4 72. f6 Kg5 73. f7 Bc5 74. Ne4+ Kg6 75. Nxc5 Kxf7 1/2-1/2

[Event "Tch (Men) 2005/2006 BEL"]
[Site "?"]
[Date "2006.03.26"]
[Round "11"]
[White "Landa Konstantin"]
[Black "Winants Luc"]
[Result "1/2-1/2"]
[WhiteElo "2597"]
[BlackElo "2535"]
[PlyCount "85"]
[EventDate "2006.??.??"]
[Source "www.chesslib.no"]
[SourceDate "2004.05.04"]

1. e4 e5 2. Nf3 Nc6 3. Bb5 a6 4. Ba4 d6 5. c3 f5 6. exf5 Bxf5 7. O-O Bd3 8. Re1 Be7 9. Bc2 Bxc2 10. Qxc2 Nf6 11. d4 e4 12. Ng5 d5 13. f3 h6 14. Nh3 O-O 15. Nd2 exf3 16. Nxf3 Rf7 17. Nf2 Bd6 18. Bd2 Re7 19. c4 Rxe1+ 20. Rxe1 Bf8 21. c5 Qd7 22. Qb3 Nd8 23. Bf4 c6 24. Ne5 Qf5 25. Bg3 Rc8 26. Rf1 Qh7 27. h3 Be7 28. Bh4 Rc7 29. Qb6 Ne6 30. Qa7 Qc2 31. Qb8+ Kh7 32. Bg3 Nh5 33. Bh2 Nxd4 34. Qxc7 Ne2+ 35. Kh1 Nhg3+ 36. Bxg3 Nxg3+ 37. Kg1 Bxc5 38. Nd7 Nxf1 39. Nxc5 Ne3 40. Ne6 Qc1+ 41. Kh2 Nf1+ 42. Kg1 Ne3+ 43. Kh2 1/2-1/2

[Event "Calviá ol (Men)"]
[Site "Mallorca"]
[Date "2004.10.22"]
[Round "7.26"]
[White "Rogers, Ian"]
[Black "Winants, Luc"]
[Result "1/2-1/2"]
[WhiteElo "2593"]
[BlackElo "2519"]
[PlyCount "41"]
[EventDate "2004.10.15"]
[Source "Roberto Alvarez"]
[SourceDate "2004.10.25"]

1. e4 e5 2. Nf3 Nc6 3. Bb5 a6 4. Ba4 d6 5. c3 f5 6. exf5 Bxf5 7. O-O Bd3 8. Re1 Be7 9. Bc2 Bxc2 10. Qxc2 Nf6 11. d4 e4 12. Ng5 d5 13. f3 h6 14. Nh3 O-O 15. Nd2 exf3 16. Nxf3 Rf7 17. Nf4 Bd6 18. Ne6 Qd7 19. Bxh6 Ne4 20. Neg5 gxh6 21. Nxf7 1/2-1/2

[Event "Bundesliga 0001"]
[Site "Germany"]
[Date "2000.12.10"]
[Round "4.1"]
[White "Hracek, Zbynek"]
[Black "Rabiega, Robert"]
[Result "1/2-1/2"]
[WhiteElo "2612"]
[BlackElo "2487"]
[PlyCount "48"]
[EventDate "2000.10.14"]
[Source "ChessBase"]
[SourceDate "2001.07.03"]

1. e4 e5 2. Nf3 Nc6 3. Bb5 a6 4. Ba4 d6 5. c3 f5 6. exf5 Bxf5 7. O-O Bd3 8. Re1 Be7 9. Bc2 Bxc2 10. Qxc2 Nf6 11. d4 e4 12. Ng5 d5 13. f3 h6 14. Nh3 O-O 15. Nd2 exf3 16. Nxf3 Rf7 17. Nf2 Bd6 18. Bd2 Re7 19. c4 dxc4 20. Qxc4+ Kh8 21. Nd3 Qg8 22. b3 Rae8 23. Rxe7 Rxe7 24. Re1 Rxe1+ 1/2-1/2

[Event "Europa ch 2008"]
[Site "Plovdiv BUL"]
[Date "2008.05.01"]
[Round "10.62"]
[White "Radulski, Julian"]
[Black "Halkias, Stelios"]
[Result "1-0"]
[WhiteElo "2514"]
[BlackElo "2584"]
[PlyCount "167"]
[EventDate "2008.04.21"]
[Source "www.chesslib.no"]
[SourceDate "2004.05.04"]

1. e4 e5 2. Nf3 Nc6 3. Bb5 a6 4. Ba4 d6 5. c3 f5 6. d3 Nf6 7. O-O Be7 8. Re1 O-O 9. Bb3+ Kh8 10. Ng5 Qe8 11. Ne6 Bxe6 12. Bxe6 fxe4 13. dxe4 Qg6 14. Bf5 Qf7 15. Qf3 Bd8 16. Be3 Ne7 17. Bh3 c6 18. Nd2 Bc7 19. Qd1 Qg6 20. Qb3 b5 21. a4 Nxe4 22. Nxe4 Qxe4 23. Bg5 Qd5 24. Qxd5 Nxd5 25. Bd7 Bb6 26. Re2 Nf4 27. Rd2 b4 28. cxb4 h6 29. Bh4 c5 30. Rxd6 Bc7 31. Rd2 g5 32. Bg3 cxb4 33. Rc1 Bb6 34. Rc6 Bd4 35. h4 Kg7 36. hxg5 hxg5 37. Bg4 a5 38. b3 Rf7 39. Be6 Rf6 40. Rc7+ Kg6 41. Bc4 Rd6 42. Rb7 Rad8 43. Rb5 e4 44. Kf1 Bc3 45. Bxf4 gxf4 46. Rdd5 Rxd5 47. Bxd5 Kf5 48. Rxa5 Be5 49. Rb5 f3 50. gxf3 exf3 51. a5 Rc8 52. Bxf3 Kf4 53. Bb7 Rc1+ 54. Kg2 Bc3 55. a6 Ra1 56. Bc8 Ra3 57. Rb6 Ra2 58. Rd6 Ke5 59. Re6+ Kf4 60. Re7 Bd4 61. Rf7+ Ke5 62. Kg3 Ra3 63. f4+ Kd6 64. Rd7+ Kc5 65. f5 Rxb3+ 66. Kf4 Ra3 67. Rxd4 Kxd4 68. f6 Ra1 69. Kg5 b3 70. f7 Rf1 71. a7 b2 72. a8=Q b1=Q 73. Qa7+ Kd5 74. Qd7+ Kc5 75. Qe7+ Kc6 76. Bd7+ Kd5 77. Be6+ Kc6 78. Qd7+ Kc5 79. Qc7+ Kd4 80. Qc4+ Ke3 81. Qc3+ Ke4 82. Qc4+ Ke3 83. Qc5+ Ke4 84. Bf5+ 1-0

[Event "Lost Boys op"]
[Site "Amsterdam"]
[Date "2002.08.01"]
[Round "7"]
[White "Handke, Florian"]
[Black "Timman, Jan H"]
[Result "1/2-1/2"]
[WhiteElo "2471"]
[BlackElo "2623"]
[PlyCount "94"]
[EventDate "2002.07.26"]
[Source "ChessBase"]
[SourceDate "2002.09.11"]

1. e4 e5 2. Nf3 Nc6 3. Bb5 a6 4. Ba4 d6 5. c3 f5 6. exf5 Bxf5 7. O-O Bd3 8. Re1 Be7 9. Bc2 Bxc2 10. Qxc2 Nf6 11. d4 Qd7 12. dxe5 dxe5 13. Rd1 Bd6 14. Nbd2 O-O-O 15. Nc4 Qg4 16. Ne3 Qg6 17. Qf5+ Rd7 18. Ng5 e4 19. Bd2 Qh5 20. Nh3 Qxf5 21. Nxf5 Rhd8 22. Kf1 Bxh2 23. Ke2 g6 24. Nh6 Be5 25. g3 b5 26. Ng5 Re8 27. Be3 Bd6 28. Rh1 Ne5 29. a4 b4 30. cxb4 Bxb4 31. Rac1 Kb7 32. Rh4 Nd3 33. Rc2 a5 34. Ng4 Nh5 35. Rxh5 gxh5 36. Nf6 Rde7 37. Nxe8 Rxe8 38. Nxh7 Be7 39. Rc4 Bd8 40. b3 h4 41. gxh4 Bxh4 42. f3 exf3+ 43. Kxd3 f2 44. Rf4 Re7 45. Bxf2 Bxf2 46. Nf6 Bb6 47. Nd5 Re1 1/2-1/2

[Event "Open, Pula CRO"]
[Site "?"]
[Date "2001.??.??"]
[Round "9"]
[White "Sax, G."]
[Black "Sermek, D."]
[Result "1/2-1/2"]
[WhiteElo "2560"]
[BlackElo "2525"]
[PlyCount "41"]
[EventDate "2001.??.??"]
[Source "www.chesslib.no"]
[SourceDate "2004.05.04"]

1. e4 e5 2. Nf3 Nc6 3. Bb5 a6 4. Ba4 d6 5. c3 f5 6. exf5 Bxf5 7. O-O Bd3 8. Re1 Be7 9. Bc2 Bxc2 10. Qxc2 Nf6 11. d4 e4 12. Ng5 d5 13. f3 h6 14. Nh3 O-O 15. Nd2 exf3 16. Nxf3 Rf7 17. Qg6 Bd6 18. Nf2 Ne7 19. Qd3 Qc8 20. Ne5 Bxe5 21. Rxe5 1/2-1/2

[Event "Reykjavik Hrokurinn"]
[Site "Reykjavik"]
[Date "2003.02.24"]
[Round "6"]
[White "Stefansson, Hannes"]
[Black "Gretarsson, Helgi Ass"]
[Result "1/2-1/2"]
[WhiteElo "2569"]
[BlackElo "2516"]
[PlyCount "100"]
[EventDate "2003.02.18"]
[Source "ChessBase"]
[SourceDate "2003.05.26"]

1. e4 e5 2. Nf3 Nc6 3. Bb5 a6 4. Ba4 d6 5. c3 f5 6. exf5 Bxf5 7. O-O Bd3 8. Re1 Be7 9. Bc2 Bxc2 10. Qxc2 Nf6 11. d4 e4 12. Ng5 d5 13. f3 h6 14. Nh3 O-O 15. Nd2 exf3 16. Nxf3 Rf7 17. Nf2 Bd6 18. Bd2 Qf8 19. Nh4 Re8 20. Ng6 Rxe1+ 21. Rxe1 Qc8 22. b3 Ne7 23. Qd3 Nxg6 24. Qxg6 Kf8 25. c4 Re7 26. Rf1 Qe8 27. Qxe8+ Kxe8 28. Nd3 Ne4 29. Be1 dxc4 30. bxc4 c5 31. dxc5 Nxc5 32. Bb4 Nxd3 33. Bxd6 Re2 34. a3 g6 35. h3 Re6 36. c5 Re1 37. Rxe1+ Nxe1 38. Kf2 Nc2 39. a4 Kf7 40. Kf3 Ne1+ 41. Kf2 Nd3+ 42. Kf3 Ke6 43. Ke4 Nb2 44. a5 Nc4 45. Bc7 Kd7 46. Kd4 Kxc7 47. Kxc4 Kc6 48. h4 h5 49. g3 Kc7 50. Kd4 Kc6 1/2-1/2

[Event "Tch (Men) 2005/2006 CZE"]
[Site "?"]
[Date "2005.11.06"]
[Round "4"]
[White "Movsesian Sergei"]
[Black "Hausner Ivan"]
[Result "1-0"]
[WhiteElo "2635"]
[BlackElo "2441"]
[PlyCount "185"]
[EventDate "2005.??.??"]
[Source "www.chesslib.no"]
[SourceDate "2004.05.04"]

1. e4 e5 2. Nf3 Nc6 3. Bb5 a6 4. Ba4 d6 5. c3 f5 6. exf5 Bxf5 7. O-O Nf6 8. d4 e4 9. d5 exf3 10. dxc6 b5 11. Re1+ Be7 12. Bb3 d5 13. Bg5 O-O 14. Bxf6 Bxf6 15. Qxf3 Kh8 16. Qxf5 Bh4 17. Qe5 Bxf2+ 18. Kh1 Bxe1 19. Qxe1 Qg5 20. Na3 Rae8 21. Qg1 Re2 22. Nc2 Rff2 23. Nd4 Rxg2 24. Nxe2 Rxg1+ 25. Rxg1 Qe5 26. Rf1 g5 27. Ng3 h5 28. Rf8+ Kg7 29. Rf5 Qe1+ 30. Rf1 Qd2 31. Nxh5+ Kg6 32. Ng3 a5 33. Bd1 g4 34. Bxg4 Qxb2 35. Bh5+ Kg5 36. Rf5+ Kh6 37. Rf6+ Kg5 38. Rg6+ Kf4 39. Rg7 Ke5 40. Rxc7 Kd6 41. Rc8 Qxa2 42. Nf5+ Kc5 43. Ng3 b4 44. cxb4+ axb4 45. c7 Kb6 46. Bf3 Kb7 47. Rd8 Kxc7 48. Rxd5 b3 49. Rd1 Qc2 50. Rf1 b2 51. Be4 Qd2 52. Bb1 Qd5+ 53. Kg1 Qd4+ 54. Kg2 Qd2+ 55. Kh1 Qd5+ 56. Ne4 Qc4 57. Kg1 Qe2 58. h3 Qe3+ 59. Kg2 Qc1 60. h4 Qh6 61. Rh1 Kd8 62. Ng3 Ke8 63. h5 Qd2+ 64. Kh3 Kf8 65. Kg4 Qd7+ 66. Bf5 Qg7+ 67. Kh3 Qg5 68. Bg6 Kg7 69. Rf1 Qc1 70. Kh4 Qc4+ 71. Kg5 Qc1+ 72. Kg4 Qc4+ 73. Be4 Qc1 74. Rh1 Kh6 75. Rf1 Kg7 76. Kh4 Qc7 77. Nf5+ Kf6 78. Ne3+ Kg7 79. Kg4 Qe5 80. Nf5+ Kf6 81. Bd3 Qc3 82. Ng3+ Kg7 83. Bg6 Qc4+ 84. Kh3 Kh6 85. Rg1 Qc3 86. Be4 Qe3 87. Rd1 Qc5 88. Rd6+ Kg5 89. Rg6+ Kf4 90. Rg4+ Ke3 91. h6 Qe5 92. h7 Kf2 93. Bb1 1-0

[Event "EU-chT (Men)"]
[Site "Leon"]
[Date "2001.11.09"]
[Round "4.3"]
[White "Azarov, Sergei"]
[Black "Sermek, Drazen"]
[Result "1/2-1/2"]
[WhiteElo "2490"]
[BlackElo "2577"]
[PlyCount "34"]
[EventDate "2001.11.06"]
[Source "ChessBase"]
[SourceDate "2001.02.01"]

1. e4 e5 2. Nf3 Nc6 3. Bb5 a6 4. Ba4 d6 5. c3 f5 6. exf5 Bxf5 7. O-O Bd3 8. Re1 Be7 9. Bc2 Bxc2 10. Qxc2 Nf6 11. d4 e4 12. Nfd2 d5 13. f3 exf3 14. Nxf3 O-O 15. Bg5 Ne4 16. Bxe7 Nxe7 17. Nbd2 Nxd2 1/2-1/2

[Event "Minsk"]
[Site "Minsk"]
[Date "1995.??.??"]
[Round "3"]
[White "Korneev, Oleg"]
[Black "Yandemirov, Valeri"]
[Result "1-0"]
[WhiteElo "2540"]
[BlackElo "2525"]
[PlyCount "115"]
[EventDate "1995.??.??"]
[Source "ChessBase"]

1. e4 e5 2. Nf3 Nc6 3. Bb5 a6 4. Ba4 d6 5. c3 f5 6. exf5 Bxf5 7. O-O Bd3 8. Re1 Be7 9. Bc2 Bxc2 10. Qxc2 Nf6 11. d4 exd4 12. cxd4 O-O 13. Nc3 Kh8 14. Bg5 Qd7 15. d5 Nb4 16. Qb3 Nd3 17. Re3 Nc5 18. Qc2 a5 19. Rae1 Bd8 20. h3 b5 21. b3 b4 22. Bxf6 Bxf6 23. Ne4 Nxe4 24. Qxe4 Rac8 25. Nd4 Bxd4 26. Qxd4 Qf5 27. Re7 Rf7 28. Re8+ Rxe8 29. Rxe8+ Rf8 30. Rxf8+ Qxf8 31. Qa7 Qe8 32. Qxc7 Qe1+ 33. Kh2 Qe5+ 34. g3 h6 35. Qxa5 Qe2 36. Qa7 Qd2 37. h4 Kh7 38. Qf7 Qxa2 39. Qf5+ Kh8 40. Qf8+ Kh7 41. Qf3 Qc2 42. g4 Kg8 43. Kg3 Qb1 44. Qe3 Qc2 45. Qe6+ Kh7 46. Qf5+ Qxf5 47. gxf5 Kg8 48. h5 Kf7 49. Kf3 Ke7 50. Ke4 Kf7 51. f3 Ke7 52. Kd4 Kf6 53. Kc4 Kg5 54. Kb5 Kxf5 55. Kc6 g6 56. hxg6 Kxg6 57. Kxd6 h5 58. Ke6 1-0

[Event "Isle of Man Open"]
[Site "Isle of Man IOM"]
[Date "1994.??.??"]
[Round "8"]
[White "Howell, James C"]
[Black "Sadler, Matthew"]
[Result "1/2-1/2"]
[WhiteElo "2495"]
[BlackElo "2560"]
[PlyCount "59"]
[EventDate "1994.09.??"]
[Source "www.chesslib.no"]
[SourceDate "2004.05.04"]

1. e4 e5 2. Nf3 Nc6 3. Bb5 a6 4. Ba4 d6 5. c3 f5 6. exf5 Bxf5 7. O-O Bd3 8. Re1 Be7 9. Bc2 Bxc2 10. Qxc2 Nf6 11. d4 O-O 12. dxe5 Nxe5 13. Nxe5 dxe5 14. Nd2 Qd5 15. Qb3 Bc5 16. Qxd5+ Nxd5 17. Ne4 Bb6 18. Bg5 Nf6 19. Bxf6 gxf6 20. Rad1 f5 21. Ng3 e4 22. Rd7 Rad8 23. Red1 Rxd7 24. Rxd7 e3 25. Kf1 exf2 26. Nh1 Rf7 27. Rd3 Kg7 28. Nxf2 Bxf2 29. Kxf2 Kf8 30. Kf3 1/2-1/2

[Event "Banja Luka"]
[Site "Banja Luka"]
[Date "1976.??.??"]
[Round "1"]
[White "Kurajica, Bojan"]
[Black "Lombardy, William James"]
[Result "1/2-1/2"]
[WhiteElo "2525"]
[BlackElo "2520"]
[PlyCount "41"]
[EventDate "1976.12.??"]
[Source "ChessBase"]

1. e4 e5 2. Nf3 Nc6 3. Bb5 a6 4. Ba4 d6 5. c3 f5 6. exf5 Bxf5 7. d4 e4 8. Ng5 Be7 9. c4 Bxg5 10. Qh5+ g6 11. Bxc6+ bxc6 12. Qxg5 Qxg5 13. Bxg5 h6 14. Be3 Nf6 15. Nc3 Kd7 16. h3 h5 17. Kd2 Rhg8 18. Bg5 Nh7 19. Be3 Nf6 20. Bg5 Nh7 21. Be3 1/2-1/2

[Event "RUS-ch"]
[Site "Elista"]
[Date "1994.??.??"]
[Round "6"]
[White "Balashov, Yuri S"]
[Black "Yandemirov, Valeri"]
[Result "1-0"]
[WhiteElo "2505"]
[BlackElo "2535"]
[PlyCount "63"]
[EventDate "1994.09.??"]
[Source "ChessBase"]

1. e4 e5 2. Nf3 Nc6 3. Bb5 a6 4. Ba4 d6 5. c3 f5 6. exf5 Bxf5 7. O-O Bd3 8. Re1 Be7 9. Bc2 Bxc2 10. Qxc2 Nf6 11. d4 O-O 12. dxe5 Nxe5 13. Nxe5 dxe5 14. Be3 Ng4 15. Nd2 Bg5 16. Bxg5 Qxg5 17. Ne4 Qf4 18. g3 Qh6 19. h4 Qg6 20. Re2 b6 21. Rd1 Rad8 22. Qb3+ Kh8 23. Rxd8 Rxd8 24. Qc4 h6 25. Qxc7 Rd3 26. Qc8+ Kh7 27. Qxa6 Rd1+ 28. Kg2 Qf5 29. Qc4 Nh2 30. Nd2 Rxd2 31. Rxd2 Nf3 32. Re2 1-0

[Event "Penta Media GM"]
[Site "Kelamabakkam"]
[Date "2000.08.27"]
[Round "13"]
[White "Prasad, Devaki V"]
[Black "Vladimirov, Evgeny"]
[Result "1/2-1/2"]
[WhiteElo "2431"]
[BlackElo "2598"]
[PlyCount "49"]
[EventDate "2000.08.14"]
[Source "ChessBase"]
[SourceDate "2000.11.21"]

1. e4 e5 2. Nf3 Nc6 3. Bb5 a6 4. Ba4 d6 5. c3 f5 6. exf5 Bxf5 7. O-O Bd3 8. Re1 Be7 9. Bc2 Bxc2 10. Qxc2 Nf6 11. d4 e4 12. Ng5 d5 13. f3 h6 14. Nh3 O-O 15. Nd2 exf3 16. Nxf3 Bd6 17. Bxh6 gxh6 18. Qg6+ Kh8 19. Qxh6+ Nh7 20. Nhg5 Qd7 21. Nh4 Kg8 22. Qg6+ Kh8 23. Qh5 Kg8 24. Qg6+ Kh8 25. Qh5 1/2-1/2